000 01070cab a2200217 4500
001 ##L134434
008 060804n2006 000 0 eng u
035 _a(Sirsi) u134434
041 0 _aeng
100 1 _aAtkinson, James
245 0 0 _aIn the Olympic spirit
260 _c2006
490 0 _aContract Journal
_v434(6586) 2 August 2006, 8(1)
520 _aReports that the procurement policy issued by the Olympic Delivery Authority (ODA) commits the ODA to working in partnership with its supply chain. The choice of the NEC3 contract promotes this collaborative approach, in that it commits the parties to resolve problems as they arise, and also requires the setting up of a disputes resolution board. The ODA is refusing to commit to prices for any of the venues, but is confident that construction costs will not spiral out of control, in contrast with other major projects.
590 _aIKA010806
650 2 4 _aOLYMPIC GAMES 2012
650 2 4 _aNEW ENGINEERING CONTRACT (THIRD EDITION)
651 4 _aLONDON
690 _aProcurement
_96260
942 _n0
999 _c77524
_d77524